Riconosci la Squadra di calcio - Quiz n°209 - Statistics

Statistiche generali
  • Questo quiz è stato fatto 4 volte
  • Il punteggio medio è 8 su 10
Statistiche sulle risposte
Indizio Risposta % Corretto
Titoli nazionali 0
100%
Trofei nazionali 1 Community Shield
100%
Colori sociali Blu, bianco
100%
Simboli Gabbiano
100%
Confederazione UEFA
100%
Trofei internazionali 0
67%
Fondazione 1900
67%
Capienza Stadio 30 750 posti
67%
Divisione nazionale 2023-2024 Prima
67%
Squadra Brighton
33%
Nessun quiz corrispondente trovato
Distribuzione punteggi
Percentuale di utenti per punteggio
Percentile per numero di risposta
I tuoi punteggi nel tempo
Non hai fatto questo quiz